Alice in wonderland / (Record no. 6984)

MARC details
000 -LEADER
fixed length control field 00790nam a22002657a 4500
001 - CONTROL NUMBER
control field 6984
003 - CONTROL NUMBER IDENTIFIER
control field FISKH
005 - DATE AND TIME OF LATEST TRANSACTION
control field 20250613151406.0
008 - FIXED-LENGTH DATA ELEMENTS--GENERAL INFORMATION
fixed length control field 250613b cb ||||| |||| 00| 0 eng d
020 ## - INTERNATIONAL STANDARD BOOK NUMBER
International Standard Book Number 9788956354026
040 ## - CATALOGING SOURCE
Original cataloging agency FISKH
Language of cataloging eng
Transcribing agency FISKH
Modifying agency FISKH
050 ## - LIBRARY OF CONGRESS CALL NUMBER
Classification number PZ7.C234937 A1
082 ## - DEWEY DECIMAL CLASSIFICATION NUMBER
Classification number 823.8
100 ## - MAIN ENTRY--PERSONAL NAME
Personal name Carroll, Lewis
245 ## - TITLE STATEMENT
Title Alice in wonderland /
Statement of responsibility, etc. Lewis Carroll
260 ## - PUBLICATION, DISTRIBUTION, ETC.
Place of publication, distribution, etc. Seoul :
Name of publisher, distributor, etc. E-Future,
Date of publication, distribution, etc. 2009.
300 ## - PHYSICAL DESCRIPTION
Extent 34 pages :
Other physical details color illustrations ;
Dimensions 21 cm
505 ## - FORMATTED CONTENTS NOTE
Formatted contents note L<br/>
520 ## - SUMMARY, ETC.
Summary, etc. A little girl falls down a rabbit hole and discovers a world of nonsensical and amusing characters.
521 8# - TARGET AUDIENCE NOTE
Target audience note 510<br/>
Source Lexile estimate<br/>
521 8# - TARGET AUDIENCE NOTE
Target audience note L<br/>
Source Raz-Plus<br/>
650 ## - SUBJECT ADDED ENTRY--TOPICAL TERM
Topical term or geographic name entry element Alice retold
Form subdivision Genre-classics-retol
942 ## - ADDED ENTRY ELEMENTS (KOHA)
Source of classification or shelving scheme Dewey Decimal Classification
Koha item type Books
Suppress in OPAC No
Holdings
Withdrawn status Lost status Source of classification or shelving scheme Damaged status Not for loan Collection Home library Current library Shelving location Date acquired Total Checkouts Full call number Barcode Date last seen Copy number Price effective from Koha item type
    Dewey Decimal Classification     Juvenile Fiction Footprints International School Library Network Toul Kork Campus Footprints International School Library Network Toul Kork Campus TK Primary Library Room(4th Floor), Bookcase 3&4, Shelves 17-32, Yellow Books 06/13/2025   CAR 823.8 PZ7.C234937 A1 2025-1639 06/13/2025 1 06/13/2025 Books